<?xml version="1.0" encoding="UTF-8"?><?xml-stylesheet type="text/xsl" href="static/style.xsl"?><OAI-PMH xmlns="http://www.openarchives.org/OAI/2.0/" xmlns:xsi="http://www.w3.org/2001/XMLSchema-instance" xsi:schemaLocation="http://www.openarchives.org/OAI/2.0/ http://www.openarchives.org/OAI/2.0/OAI-PMH.xsd"><responseDate>2026-04-17T01:59:40Z</responseDate><request verb="GetRecord" identifier="oai:www.recercat.cat:11351/10898" metadataPrefix="marc">https://recercat.cat/oai/request</request><GetRecord><record><header><identifier>oai:recercat.cat:11351/10898</identifier><datestamp>2025-10-24T10:35:47Z</datestamp><setSpec>com_2072_378070</setSpec><setSpec>com_2072_378040</setSpec><setSpec>col_2072_378092</setSpec></header><metadata><record xmlns="http://www.loc.gov/MARC21/slim" xmlns:dcterms="http://purl.org/dc/terms/" xmlns:xsi="http://www.w3.org/2001/XMLSchema-instance" xmlns:doc="http://www.lyncode.com/xoai" xsi:schemaLocation="http://www.loc.gov/MARC21/slim http://www.loc.gov/standards/marcxml/schema/MARC21slim.xsd">
   <leader>00925njm 22002777a 4500</leader>
   <datafield ind2=" " ind1=" " tag="042">
      <subfield code="a">dc</subfield>
   </datafield>
   <datafield ind2=" " ind1=" " tag="720">
      <subfield code="a">Fung, Scott</subfield>
      <subfield code="e">author</subfield>
   </datafield>
   <datafield ind2=" " ind1=" " tag="720">
      <subfield code="a">Pan, Calvin Q.</subfield>
      <subfield code="e">author</subfield>
   </datafield>
   <datafield ind2=" " ind1=" " tag="720">
      <subfield code="a">Wong, Grace Lai-Hung</subfield>
      <subfield code="e">author</subfield>
   </datafield>
   <datafield ind2=" " ind1=" " tag="720">
      <subfield code="a">Seto, Wai-Kay</subfield>
      <subfield code="e">author</subfield>
   </datafield>
   <datafield ind2=" " ind1=" " tag="720">
      <subfield code="a">Ahn, Sang-Hoon</subfield>
      <subfield code="e">author</subfield>
   </datafield>
   <datafield ind2=" " ind1=" " tag="720">
      <subfield code="a">Chen, Chi-Yi</subfield>
      <subfield code="e">author</subfield>
   </datafield>
   <datafield ind2=" " ind1=" " tag="720">
      <subfield code="a">Buti Ferret, Maria</subfield>
      <subfield code="e">author</subfield>
   </datafield>
   <datafield ind2=" " ind1=" " tag="260">
      <subfield code="c">2024-01-25T08:38:59Z</subfield>
   </datafield>
   <datafield ind2=" " ind1=" " tag="260">
      <subfield code="c">2024-01-25T08:38:59Z</subfield>
   </datafield>
   <datafield ind2=" " ind1=" " tag="260">
      <subfield code="c">2024-01</subfield>
   </datafield>
   <datafield ind2=" " ind1=" " tag="520">
      <subfield code="a">Atherosclerosis; Cardiovascular disease; Chronic hepatitis B</subfield>
   </datafield>
   <datafield ind2=" " ind1=" " tag="520">
      <subfield code="a">Aterosclerosi; Malaltia cardiovascular; Hepatitis B crònica</subfield>
   </datafield>
   <datafield ind2=" " ind1=" " tag="520">
      <subfield code="a">Aterosclerosis; Enfermedad cardiovascular; Hepatitis B crónica</subfield>
   </datafield>
   <datafield ind2=" " ind1=" " tag="520">
      <subfield code="a">Background&#xd;
Patients with chronic hepatitis B (CHB) who switch from tenofovir disoproxil fumarate (TDF) to tenofovir alafenamide (TAF) show changes in lipid profiles.&#xd;
Aim&#xd;
To evaluate how these changes affect cardiovascular risk.&#xd;
Methods&#xd;
This pooled analysis, based on two large prospective studies, evaluated fasting lipid profiles of patients with CHB who were treated with TAF 25 mg/day or TDF 300 mg/day for 96 weeks. Patients who fulfilled the American College of Cardiology criteria (age 40–79 years, high-density lipoprotein [HDL] 20–100 mg/dL, total cholesterol [TC] 130–320 mg/dL and systolic blood pressure 90–200 mmHg) required to assess 10-year atherosclerotic cardiovascular disease (ASCVD) risk with baseline lipid data and at least one post-baseline measurement were included in the ASCVD-risk population. The 10-year ASCVD risk was calculated for patients in this population, and changes from baseline to Week 96 were assessed using intermediate- (≥7.5%) and high-risk (≥20%) cut-offs.&#xd;
Results&#xd;
Among 1632 patients, 620 (38%) met the criteria for the ASCVD-risk population. At Week 96, fasting levels of all lipids, except TC:HDL ratio, were lower with TDF than TAF. No significant increase was observed in overall ASCVD risk or in any ASCVD-risk categories during the 96-week treatment period compared with baseline. A similar proportion of patients in the TAF and TDF treatment groups (1.3% and 2.3%, respectively; p = 0.34) reported cardiovascular events.&#xd;
Conclusion&#xd;
Despite on-treatment differences in lipid profiles with TAF and TDF, predicted cardiovascular risk and clinical events were similar for both groups after 96 weeks.</subfield>
   </datafield>
   <datafield ind1="8" ind2=" " tag="024">
      <subfield code="a">http://hdl.handle.net/11351/10898</subfield>
   </datafield>
   <datafield tag="653" ind2=" " ind1=" ">
      <subfield code="a">Hepatitis B - Tractament</subfield>
   </datafield>
   <datafield tag="653" ind2=" " ind1=" ">
      <subfield code="a">Medicaments antivírics</subfield>
   </datafield>
   <datafield tag="653" ind2=" " ind1=" ">
      <subfield code="a">Sistema cardiovascular - Malalties</subfield>
   </datafield>
   <datafield tag="653" ind2=" " ind1=" ">
      <subfield code="a">DISEASES::Virus Diseases::Virus Diseases::Hepatitis, Viral, Human::Hepatitis B::Hepatitis B, Chronic</subfield>
   </datafield>
   <datafield tag="653" ind2=" " ind1=" ">
      <subfield code="a">Other subheadings::Other subheadings::Other subheadings::/drug therapy</subfield>
   </datafield>
   <datafield tag="653" ind2=" " ind1=" ">
      <subfield code="a">DISEASES::Cardiovascular Diseases</subfield>
   </datafield>
   <datafield tag="653" ind2=" " ind1=" ">
      <subfield code="a">CHEMICALS AND DRUGS::Chemical Actions and Uses::Pharmacologic Actions::Therapeutic Uses::Anti-Infective Agents::Antiviral Agents</subfield>
   </datafield>
   <datafield tag="653" ind2=" " ind1=" ">
      <subfield code="a">ENFERMEDADES::virosis::virosis::hepatitis viral humana::hepatitis B::hepatitis B crónica</subfield>
   </datafield>
   <datafield tag="653" ind2=" " ind1=" ">
      <subfield code="a">Otros calificadores::Otros calificadores::Otros calificadores::/farmacoterapia</subfield>
   </datafield>
   <datafield tag="653" ind2=" " ind1=" ">
      <subfield code="a">ENFERMEDADES::enfermedades cardiovasculares</subfield>
   </datafield>
   <datafield tag="653" ind2=" " ind1=" ">
      <subfield code="a">COMPUESTOS QUÍMICOS Y DROGAS::acciones y usos químicos::acciones farmacológicas::usos terapéuticos::antiinfecciosos::antivíricos</subfield>
   </datafield>
   <datafield ind2="0" ind1="0" tag="245">
      <subfield code="a">Atherosclerotic cardiovascular disease risk profile of patients with chronic hepatitis B treated with tenofovir alafenamide or tenofovir disoproxil fumarate for 96 weeks</subfield>
   </datafield>
</record></metadata></record></GetRecord></OAI-PMH>